Estudio de pesca y acuicultura en la zona de Bahía Blanca y Punta Alta /
Guardado en:
| Autores Corporativos: | , |
|---|---|
| Formato: | Libro |
| Idioma: | Spanish |
| Publicado: |
Bahía Blanca :
Universidad Nacional del Sur,
1997.
|
| Materias: | |
| Etiquetas: |
Agregar Etiqueta
Sin Etiquetas, Sea el primero en etiquetar este registro!
|
| LEADER | 00689nam a22001935a 4500 | ||
|---|---|---|---|
| 001 | EEO.eeo001894 | ||
| 008 | 101118s1997####ag#####g######000#0#spa#d | ||
| 005 | 20101118121033.0 | ||
| 245 | 1 | 0 | |a Estudio de pesca y acuicultura en la zona de Bahía Blanca y Punta Alta / |c Universidad Nacional del Sur. |
| 260 | |a Bahía Blanca : |b Universidad Nacional del Sur, |c 1997. | ||
| 300 | |a 141 p. ; |c 30 cm. | ||
| 110 | 2 | |a Universidad Nacional del Sur. | |
| 710 | 2 | |a SAT Pesca. | |
| 650 | 7 | |a Pesca |2 Isoc | |
| 650 | 7 | |a Producción pesquera. |2 Isoc | |
| 651 | 7 | |a Argentina. |2 mpirdes | |
| 653 | |a Bahía Blanca (Argentina) | ||
| 653 | |a Punta Alta (Argentina) | ||
| 859 | |a AR-BaUEB |b BIB. ECONOMIA - General |h I-UNS-101 |p e14424 | ||
